000 00366nam a2200145Ia 4500
008 230718s9999 xx 000 0 und d
041 _aEng.
082 _a891.43
_b، م-ح
100 _a، مولوی محمد
245 0 _aحصہ ہیر وارث شاہ
260 _aPakistan
_bسنگ میل پلی کیز
_c2003
300 _a264
650 _aLaw
999 _c28788
_d28788